Sports Quiz

Random Sports Quiz
Score 0/12 Timer 03:00
0 Plays Today
question answer % Correct
Who is the captainjohn terry
98.7%
Which chelsea player won the golden boot in the 2009 -2010 seasondidier drogba
96.6%
What is the chelsea stadium calledstamford bridge
96.1%
Which player plays number 8 for chelseafrank lampard
95.2%
What colour do they play inblue
93.9%
Who is the main goalkeeperpetr cech
91.8%
What is their nicknamethe blues
90.5%
Finish off this song 'blue is the colour and football is the ****game
87.6%
Who is number 3ashley cole
86.9%
Who is chelsea's manager carlo ancelotti
76.9%
Who owns chelsearoman abramovich
75.8%
Who is the chelsea mascotstamford the lion
70.4%
Remove Ads.
Support Sporcle.
Get the best of Sporcle when you Go Orange. This ad-free experience offers more features, more stats, and more fun while also helping to support Sporcle. Thank you for becoming a member.

You're not logged in!

Compare scores with friends on all Sporcle quizzes.
OR
Log In

Show Comments

Extras

Created Nov 8, 2010ReportNominate
Tags:Chelsea, ultimate

Top Quizzes Today


Score Distribution

Your Account Isn't Verified!

In order to create a playlist on Sporcle, you need to verify the email address you used during registration. Go to your Sporcle Settings to finish the process.

Report this User

Report this user for behavior that violates our Community Guidelines.

Details: